| 000 | | | 04703nac2a22002893x 450 |
| 001 | | | fcda5d27-d514-40c1-b522-c31d1ec4419f |
| 005 | | | 20211209161648.0 |
| 100 | ## | $a | 20211120l19081910k y0rusy50 ca |
| 101 | 0# | $a | rus |
| 102 | ## | $a | RU |
| 105 | ## | $a | y z ||||| |
| 122 | 2# | $a | d19080328 |
| | $a | d19101026 |
| 200 | 1# | $a | Фердинандов Василий Владимирович. О птицепромышленности в Воронежской губ., о назначении его специалистом по птицеводству и личная просьба. Приложен черновик ответа Звегинцова А. И. |
| | $j | 28 марта 1908 - 26 октября 1910 |
| 215 | ## | $a | 5 листов |
| 251 | ## | $c | Дело |
| 300 | ## | $a | Заголовок дела на папке: Письма Фердинандова Василия Владимировича - Звегинцеву Ал. Ив. (О птицепромышленности в Воронежской губернии и о назначении его специалистом по птицеводству в Воронежской губ. Приложена копия ответа Звегинцева Ал. Ив.) |
| 300 | ## | $a | Машинописный и рукописный текст |
| 324 | ## | $a | В деле имеются копии отдельных документов |
| 330 | ## | $a | Входит в раздел описи: 1. Письма к А. И. Звегинцову. 3/ Письма имущественно-хозяйственного характера |
| 461 | #0 | $1 | 001fc48e33c-c630-4015-85dd-2f2aab656f45 |
| | $1 | 2001 |
| | $a | Звегинцев Александр Иванович, помещик Воронежской губернии, депутат III Государственной думы, член партии "Союз 17 октября" |
| | $1 | 251 |
| | $c | Фонд |
| | $1 | 852 |
| | $j | 932 |
| 462 | #0 | $1 | 001ddcf82e7-7bd9-4c5e-b7f1-85df8b3febb3 |
| | $1 | 2001 |
| | $a | Дела постоянного хранения. 1899-1913 гг. |
| | $v | Д. 680 |
| | $1 | 251 |
| | $c | Опись |
| | $1 | 852 |
| | $j | 1 |
| 517 | 1# | $a | Письма Фердинандова Василия Владимировича - Звегинцеву Ал. Ив. (О птицепромышленности в Воронежской губернии и о назначении его специалистом по птицеводству в Воронежской губ. Приложена копия ответа Звегинцева Ал. Ив.) |
| 600 | #1 | $a | Звегинцев |
| | $b | А. И. |
| | $g | Александр Иванович |
| 600 | #1 | $a | Фердинандов |
| | $b | В. В. |
| | $g | Василий Владимирович |
| 801 | #0 | $a | RU |
| | $b | GA_RF |
| 801 | #1 | $a | RU |
| | $b | ГлавНИВЦ |
| | $c | 20211120 |
| | $2 | rusmarc |
| 801 | #2 | $a | RU |
| | $b | ПБ им. Б.Н. Ельцина |
| | $c | 20211209 |
| | $g | RCR |
| | $2 | rusmarc |
| 852 | ## | $a | ГА РФ |
| | $j | 680 |
| 937 | ## | $d | 171360833 |
| | $h | ГАРФ |
| 035 | ## | $a | RuPRLIB51062258 |
| 856 | ## | $u | http://readingroom.main.prlib.ru/item.aspx?id_node=n171360833&mode=full |